[Event "Sportsko leto 2013"]
[Site "Paracin, hotel "]
[Date "2013.07.08"]
[Round "4.28"]
[White "Popovic, Aleksandar M"]
[Black "Rajkovic, Mladen"]
[Result "1/2-1/2"]
[WhiteElo "2278"]
[BlackElo "2015"]
[PlyCount "82"]
[EventDate "2013.07.05"]

1. c4 c5 2. Nc3 Nc6 3. g3 Nf6 4. Bg2 g6 5. e3 d6 6. Nge2 Bg7 7. O-O O-O 8. d4
Bd7 9. Nd5 e6 10. Nxf6+ Bxf6 11. Rb1 Qc7 12. b3 Bg7 13. a3 Ne7 14. Bb2 Rab8 15.
a4 a6 16. Ba3 b6 17. Qd2 Rfd8 18. Rfd1 Be8 19. Rdc1 e5 20. Bb2 Nc6 21. d5 Nb4
22. Bc3 a5 23. e4 Qe7 24. Rf1 Bd7 25. f4 f5 26. fxe5 Bxe5 27. Rbe1 Re8 28. Kh1
Qg7 29. Bxe5 Rxe5 30. exf5 Bxf5 31. Nf4 Rbe8 32. Ne6 Bxe6 33. Rxe5 Qxe5 34.
dxe6 Qxe6 35. Qh6 Qe7 36. h4 Rf8 37. Rxf8+ Qxf8 38. Qd2 Qf6 39. Kh2 Qe5 40. Qd1
Kg7 41. Qf3 Qe7 1/2-1/2

[Event "Sportsko leto 2013"]
[Site "Paracin, hotel "]
[Date "2013.07.08"]
[Round "4.29"]
[White "Zajic, Milan"]
[Black "Zarkovic, Mila"]
[Result "1/2-1/2"]
[WhiteElo "2272"]
[BlackElo "2070"]
[PlyCount "150"]
[EventDate "2013.07.05"]

1. e4 c5 2. Nf3 e6 3. d4 cxd4 4. Nxd4 a6 5. c4 Nf6 6. Nc3 d6 7. Be3 Be7 8. Be2
O-O 9. O-O Qc7 10. Rc1 b6 11. Qd2 Bb7 12. f3 Nbd7 13. b4 Rac8 14. Rc2 Qb8 15.
Rb1 Ne5 16. Na4 Nfd7 17. Qc1 Nc6 18. Kh1 Bf6 19. Qd2 Nxd4 20. Bxd4 Bxd4 21.
Qxd4 b5 22. Nc3 bxc4 23. Bxc4 Ne5 24. Bf1 Rc6 25. b5 axb5 26. Bxb5 Rc5 27. Ba6
Nc6 28. Qd2 Na5 29. Bxb7 Nxb7 30. Rcb2 Rc7 31. Nb5 Rd7 32. e5 Rfd8 33. Nxd6 Qa8
34. Rb6 h6 35. h3 f6 36. f4 Nxd6 37. Rxd6 Rxd6 38. exd6 Qd5 39. Qxd5 exd5 40.
Rb6 f5 41. Kg1 Kf7 42. Rb7+ Kf6 43. d7 Ke7 44. Kf2 Ra8 45. d8=Q+ Kxd8 46. Rxg7
Rxa2+ 47. Ke3 Ra4 48. Rg6 Ke7 49. Rxh6 Re4+ 50. Kf3 d4 51. Ra6 Re3+ 52. Kf2 Rb3
53. Ra4 Rb2+ 54. Kg3 Rd2 55. Ra5 Ke6 56. Re5+ Kf6 57. Kf3 Rc2 58. g4 Rc3+ 59.
Ke2 Rxh3 60. Rxf5+ Ke6 61. Kd2 Rg3 62. Re5+ Kd6 63. g5 Rg4 64. Rf5 Ke6 65. Rf6+
Kd5 66. g6 Ke4 67. f5 Rg2+ 68. Kc1 d3 69. Rf7 Ke3 70. Re7+ Kf4 71. Rf7 Ke3 72.
g7 Rg1+ 73. Kb2 d2 74. Re7+ Kf4 75. Rd7 Kxf5 1/2-1/2

[Event "Sportsko leto 2013"]
[Site "Paracin, hotel "]
[Date "2013.07.08"]
[Round "4.30"]
[White "Pantelic, Sasa"]
[Black "Tadic, Katarina"]
[Result "1-0"]
[WhiteElo "2331"]
[BlackElo "2069"]
[PlyCount "103"]
[EventDate "2013.07.05"]

1. d4 Nf6 2. c4 g6 3. g3 Bg7 4. Bg2 O-O 5. Nc3 d6 6. Nf3 Nbd7 7. Bf4 Nh5 8. Bg5
h6 9. Be3 Nb6 10. Qb3 a5 11. a4 Nd7 12. O-O c6 13. Rfd1 Nhf6 14. h3 Qb6 15. Qc2
Qa6 16. b3 d5 17. cxd5 Nxd5 18. Nxd5 cxd5 19. Rac1 e6 20. Qd2 Kh7 21. h4 b5 22.
Bf4 bxa4 23. bxa4 Nb6 24. h5 Nc4 25. Qc2 Qb7 26. Nh4 f5 27. hxg6+ Kg8 28. Rb1
Qc6 29. Ra1 Ba6 30. Qc1 Rac8 31. Bxh6 Nb2 32. Qg5 Qd6 33. Bxg7 Kxg7 34. Rdb1
Nc4 35. e3 Rc7 36. Ra2 Na3 37. Rba1 Nc4 38. Bf1 Rb7 39. Ng2 Rh8 40. Nf4 Rbb8
41. Nh5+ Rxh5 42. Qxh5 Rh8 43. Qg5 Rh6 44. Rb1 Rxg6 45. Qf4 Qe7 46. Bxc4 dxc4
47. Rb6 Bb7 48. Qe5+ Kh7 49. f3 Bd5 50. Rh2+ Rh6 51. Rxh6+ Kxh6 52. Qxd5 1-0

[Event "Sportsko leto 2013"]
[Site "Paracin, hotel "]
[Date "2013.07.08"]
[Round "4.31"]
[White "Budimir, Boris"]
[Black "Persson, Richard"]
[Result "1-0"]
[WhiteElo "2253"]
[BlackElo "2175"]
[PlyCount "127"]
[EventDate "2013.07.05"]

1. e4 d5 2. exd5 Qxd5 3. Nf3 Bg4 4. Be2 Nc6 5. O-O O-O-O 6. Nc3 Qd7 7. a3 e5 8.
b4 f5 9. d3 Bd6 10. Be3 Nf6 11. Nb5 Bxf3 12. Bxf3 Nd4 13. Bxd4 exd4 14. c4 Kb8
15. Nxd6 cxd6 16. Qd2 d5 17. Qf4+ Qc7 18. Qxd4 dxc4 19. Qxc4 Rd7 20. Qxc7+ Rxc7
21. Rfc1 Rd7 22. Be2 Rhd8 23. Rc5 g6 24. Rac1 Nd5 25. g3 Nc7 26. Bf1 Ne6 27.
Re5 Nd4 28. Kg2 Rd5 29. Rxd5 Rxd5 30. f4 a5 31. Kf2 axb4 32. axb4 Rb5 33. Ke3
Nc6 34. Bg2 Nxb4 35. Kd4 Na6 36. Bd5 Rb2 37. h4 Re2 38. Rb1 Re7 39. Rb6 Ka7 40.
Rf6 Nc7 41. Bg8 Ne8 42. Rf7 Rxf7 43. Bxf7 Nf6 44. Ke5 Nh5 45. d4 Kb8 46. Kd6
Nxg3 47. d5 Ne4+ 48. Kd7 b5 49. d6 Nc5+ 50. Ke7 Kc8 51. Bg8 b4 52. Bf7 Kb7 53.
d7 Nxd7 54. Kxd7 Kb6 55. Kd6 Kb5 56. Bb3 Kb6 57. Kd5 Kb5 58. Kd4 Kc6 59. Bg8 b3
60. Bxb3 Kd6 61. Bg8 Ke7 62. Bxh7 Kf6 63. Bxg6 Kxg6 64. Ke5 1-0

[Event "Sportsko leto 2013"]
[Site "Paracin, hotel "]
[Date "2013.07.08"]
[Round "4.32"]
[White "Kuzmanovic, Slobodan"]
[Black "Vucinic, Gojko"]
[Result "0-1"]
[WhiteElo "2146"]
[BlackElo "2252"]
[PlyCount "64"]
[EventDate "2013.07.05"]

1. e3 g6 2. f4 Bg7 3. Nf3 Nf6 4. c4 O-O 5. Nc3 d5 6. cxd5 Nxd5 7. Bc4 Nb6 8.
Be2 c5 9. O-O Nc6 10. b3 Bf5 11. Bb2 Qd7 12. Qc1 Nb4 13. Na4 Nxa4 14. Bxg7 Kxg7
15. bxa4 Rac8 16. a3 Nd5 17. g4 Be6 18. Ne5 Qxa4 19. Qb2 f6 20. g5 Kg8 21. Bd1
Qa6 22. gxf6 exf6 23. Ng4 c4 24. Bf3 h5 25. Qd4 hxg4 26. Bxd5 Rfd8 27. Bxe6+
Qxe6 28. Qxa7 Rxd2 29. Rf2 Rcd8 30. Rb1 Rxf2 31. Kxf2 Qe4 32. Rb2 Qf3+ 0-1

[Event "Sportsko leto 2013"]
[Site "Paracin, hotel "]
[Date "2013.07.08"]
[Round "4.33"]
[White "Cvetanovic, Uros"]
[Black "Petrovic, Marija"]
[Result "1/2-1/2"]
[WhiteElo "2249"]
[BlackElo "2104"]
[PlyCount "73"]
[EventDate "2013.07.05"]

1. e4 d5 2. exd5 Qxd5 3. Nc3 Qd6 4. d4 Nf6 5. Nf3 a6 6. h3 Bf5 7. Be3 e6 8. Qd2
Ne4 9. Nxe4 Bxe4 10. Be2 Nd7 11. O-O Qc6 12. c4 Be7 13. Rfd1 O-O 14. Rac1 Rac8
15. Ne1 Rfd8 16. f3 Bg6 17. Nd3 Bf6 18. Nf2 Qa4 19. b3 Qa3 20. c5 b5 21. Ne4
Be7 22. Qc3 Nf6 23. Nxf6+ Bxf6 24. Ra1 c6 25. Bc1 b4 26. Qe3 Qa5 27. Bb2 Ra8
28. a3 bxa3 29. Rxa3 Qc7 30. Rxa6 Rxa6 31. Bxa6 Ra8 32. Bc4 h6 33. b4 Bg5 34.
Qe5 Qxe5 35. dxe5 Ra4 36. Bc3 Be3+ 37. Kf1 1/2-1/2

[Event "Sportsko leto 2013"]
[Site "Paracin, hotel "]
[Date "2013.07.08"]
[Round "4.34"]
[White "Jovanovic, Aleksandar D"]
[Black "Todorovic, Nenad I"]
[Result "0-1"]
[WhiteElo "2229"]
[BlackElo "2130"]
[PlyCount "58"]
[EventDate "2013.07.05"]

1. d4 d5 2. c4 e6 3. Nc3 c5 4. Nf3 Nc6 5. e3 Nf6 6. Bd3 Bd6 7. O-O O-O 8. b3 b6
9. Bb2 Bb7 10. Rc1 cxd4 11. exd4 dxc4 12. bxc4 Ne7 13. Re1 Rc8 14. Ne5 a6 15.
Re3 Ng6 16. a4 Qc7 17. Ne2 Bxe5 18. dxe5 Ng4 19. Rg3 N4xe5 20. Bb1 Nxc4 21. Qd4
e5 22. Qg4 Bd5 23. Bf5 Be6 24. Bxe6 fxe6 25. Qxe6+ Qf7 26. Qxf7+ Kxf7 27. Rb3
Nxb2 28. Rxb2 Rxc1+ 29. Nxc1 Rd8 0-1

[Event "Sportsko leto 2013"]
[Site "Paracin, hotel "]
[Date "2013.07.08"]
[Round "4.35"]
[White "Marjanovics, Annamaria"]
[Black "Livaja, Mario"]
[Result "1/2-1/2"]
[WhiteElo "2002"]
[BlackElo "2225"]
[PlyCount "101"]
[EventDate "2013.07.05"]

1. e4 c5 2. Nf3 Nc6 3. d4 cxd4 4. Nxd4 Qc7 5. Nc3 e6 6. Be3 a6 7. Bd3 Nf6 8.
O-O Bb4 9. a3 Bxc3 10. bxc3 Ne5 11. Bf4 d6 12. Bxe5 dxe5 13. Ne2 O-O 14. c4 Bd7
15. a4 Rad8 16. Qb1 Bc6 17. f3 Qa5 18. Qb3 Nd7 19. Qc3 Qxc3 20. Nxc3 Nc5 21.
Rfd1 Rd6 22. Kf2 Rfd8 23. Ke3 g6 24. g4 f6 25. Ra3 Kf7 26. Raa1 h6 27. h3 Rd4
28. Ne2 R4d6 29. Nc3 h5 30. a5 h4 31. Rab1 Kg7 32. Ra1 Kh6 33. Rab1 Kg5 34. Ra1
f5 35. gxf5 exf5 36. Nd5 f4+ 37. Ke2 Bd7 38. Rh1 Kh6 39. Rh2 Ne6 40. Kf2 Ng5
41. Kg2 Ne6 42. Rhh1 Kg7 43. Rab1 Nc5 44. Kh2 Bc6 45. Rbd1 R8d7 46. Rhg1 Bxd5
47. exd5 Kh6 48. Rg4 g5 49. Rdg1 Rg7 50. Re1 Re7 51. Kg2 1/2-1/2

[Event "Sportsko leto 2013"]
[Site "Paracin, hotel "]
[Date "2013.07.08"]
[Round "4.36"]
[White "Popovic, Milan S"]
[Black "Lazov, Toni"]
[Result "0-1"]
[WhiteElo "2212"]
[BlackElo "1921"]
[PlyCount "166"]
[EventDate "2013.07.05"]

1. e4 c5 2. Nf3 d6 3. Bb5+ Nd7 4. d4 cxd4 5. Qxd4 Ngf6 6. O-O g6 7. c4 Bg7 8.
Bxd7+ Bxd7 9. h3 O-O 10. Qd3 Rc8 11. Be3 a6 12. Nc3 Qc7 13. Nd2 Be6 14. Nd5
Bxd5 15. exd5 Nd7 16. Rab1 Ne5 17. Qe2 Qa5 18. a3 b5 19. b4 Qxa3 20. cxb5 axb5
21. Qxb5 Rb8 22. Qa5 Qd3 23. Rb3 Qe2 24. b5 Nc4 25. Nxc4 Qxc4 26. Qb4 Qxd5 27.
b6 Rb7 28. Rc1 Rfb8 29. Rc7 Be5 30. g3 Qe6 31. Rxb7 Rxb7 32. Qa4 Kg7 33. Kh2 d5
34. Rb5 Qd7 35. Qb4 Bf6 36. Ra5 d4 37. Bf4 Qc6 38. Rb5 Qf3 39. Qd2 h5 40. h4
Qc6 41. Qb4 Qc3 42. Qxc3 dxc3 43. Bc7 Bd4 44. Rb1 Bxf2 45. Be5+ f6 46. Bxc3
Rxb6 47. Rf1 Bc5 48. Rf3 Bd6 49. Kg2 Kf7 50. Re3 e5 51. Be1 Rb2+ 52. Kf1 Bb4
53. Bxb4 Rxb4 54. Rc3 Ke6 55. Kg2 Rd4 56. Rc2 Rd5 57. Re2 f5 58. Ra2 e4 59.
Ra6+ Rd6 60. Ra5 Kf6 61. Kf2 g5 62. hxg5+ Kxg5 63. Ra8 Rg6 64. Rh8 Rg7 65. Ke2
Kg4 66. Kf2 Kg5 67. Ke2 Rg6 68. Ke3 Rg7 69. Ke2 Kg6 70. Ke3 Rh7 71. Rg8+ Kf6
72. Kf4 h4 73. g4 fxg4 74. Rxg4 h3 75. Rg1 h2 76. Rh1 Rh4+ 77. Kg3 Kg5 78. Kg2
Kg4 79. Kf2 Kf4 80. Kg2 e3 81. Rf1+ Ke4 82. Rh1 Rh7 83. Kg3 Rg7+ 0-1

[Event "Sportsko leto 2013"]
[Site "Paracin, hotel "]
[Date "2013.07.08"]
[Round "4.37"]
[White "Hagesather, Ellen"]
[Black "Radovanovic, Mihajlo"]
[Result "1-0"]
[WhiteElo "2210"]
[BlackElo "1878"]
[PlyCount "45"]
[EventDate "2013.07.05"]

1. c4 e6 2. g3 d5 3. Bg2 c5 4. cxd5 exd5 5. d4 Nc6 6. Nf3 Nf6 7. O-O Be7 8.
dxc5 O-O 9. Bg5 d4 10. Bxf6 Bxf6 11. Nbd2 Bf5 12. Qb3 Qe7 13. Rac1 Qxe2 14.
Qxb7 Rfc8 15. Rfe1 Qd3 16. Bf1 Rab8 17. Bxd3 Rxb7 18. Bxf5 Rd8 19. Be4 Rc7 20.
Bxc6 Rxc6 21. b4 a6 22. a4 Rb8 23. b5 1-0

[Event "Sportsko leto 2013"]
[Site "Paracin, hotel "]
[Date "2013.07.08"]
[Round "4.38"]
[White "Dimic, Pavle"]
[Black "Radovic, Luka"]
[Result "1/2-1/2"]
[WhiteElo "2218"]
[BlackElo "2065"]
[PlyCount "41"]
[EventDate "2013.07.05"]

1. d4 Nf6 2. Nf3 c5 3. d5 d6 4. Nc3 e5 5. e4 Be7 6. Bb5+ Nbd7 7. a4 O-O 8. O-O
Ne8 9. Nd2 g6 10. Bxd7 Bxd7 11. Nc4 f5 12. exf5 gxf5 13. f4 e4 14. Ne3 Bf6 15.
Kh1 Qe7 16. Bd2 Ng7 17. Ra3 h5 18. Qb1 a6 19. Ncd1 Rab8 20. a5 h4 21. c3
1/2-1/2

[Event "Sportsko leto 2013"]
[Site "Paracin, hotel "]
[Date "2013.07.08"]
[Round "4.39"]
[White "Colovic, Zoran"]
[Black "Djordjevic, Gradimir"]
[Result "1/2-1/2"]
[WhiteElo "2112"]
[BlackElo "2216"]
[PlyCount "25"]
[EventDate "2013.07.05"]

1. e4 d6 2. Nf3 e5 3. d4 Nd7 4. Bc4 c6 5. Ng5 Nh6 6. Nc3 Be7 7. Bxf7+ Nxf7 8.
Ne6 Qa5 9. Nxg7+ Kf8 10. Ne6+ Ke8 11. Ng7+ Kf8 12. Ne6+ Ke8 13. Ng7+ 1/2-1/2

[Event "Sportsko leto 2013"]
[Site "Paracin, hotel "]
[Date "2013.07.08"]
[Round "4.40"]
[White "Van Vliet, Dennis"]
[Black "Zlatanovic, Zoran"]
[Result "0-1"]
[WhiteElo "2079"]
[BlackElo "2210"]
[PlyCount "53"]
[EventDate "2013.07.05"]

1. d4 Nf6 2. c4 e6 3. Nc3 Bb4 4. f3 d5 5. a3 Bxc3+ 6. bxc3 c6 7. e3 Nbd7 8. Bd3
e5 9. cxd5 cxd5 10. Nh3 e4 11. fxe4 dxe4 12. Be2 Nd5 13. Qb3 N7f6 14. Nf2 O-O
15. c4 Nc7 16. a4 b6 17. O-O Ba6 18. Ba3 Re8 19. Ng4 Nxg4 20. Bxg4 Ne6 21. Bxe6
Rxe6 22. Rf4 Rc8 23. Rc1 Qg5 24. c5 Qh5 25. cxb6 Rxc1+ 26. Bxc1 axb6 27. Ba3
0-1

[Event "Sportsko leto 2013"]
[Site "Paracin, hotel "]
[Date "2013.07.08"]
[Round "4.41"]
[White "Andersen, Alf R"]
[Black "Djordjevic, Vuk"]
[Result "1-0"]
[WhiteElo "2202"]
[BlackElo "2138"]
[PlyCount "105"]
[EventDate "2013.07.05"]

1. e4 d5 2. exd5 Qxd5 3. Nc3 Qd6 4. g3 Nf6 5. Bg2 c6 6. Nge2 Bg4 7. h3 Bh5 8.
b4 a6 9. O-O e6 10. Rb1 Qc7 11. d3 Nbd7 12. a4 Bd6 13. g4 Bg6 14. b5 O-O 15.
Bg5 Nd5 16. bxc6 bxc6 17. Ne4 Bxe4 18. dxe4 N5f6 19. Nd4 Bc5 20. Be3 Rfd8 21.
Qe2 Bxd4 22. Bxd4 e5 23. Bc3 Nc5 24. Qc4 Ne6 25. Rb2 Nd7 26. Rfb1 Rdb8 27.
Rxb8+ Rxb8 28. Rxb8+ Nxb8 29. Bf1 a5 30. Qd3 h6 31. Qd2 h5 32. Bxa5 Qe7 33. Qb4
Qe8 34. Bb6 hxg4 35. hxg4 Qc8 36. f3 c5 37. Qc3 Nd7 38. a5 Qc6 39. Qb3 Nd4 40.
Qd5 Nxb6 41. Qxc6 Nxc6 42. axb6 Na5 43. Bc4 Nc6 44. Bd5 Nb8 45. Kf2 Kf8 46. Ke3
Ke7 47. Kd3 f6 48. Kc4 Kd6 49. Kb5 Nd7 50. Ka6 Nb8+ 51. Kb7 Nd7 52. Bc6 f5 53.
gxf5 1-0

[Event "Sportsko leto 2013"]
[Site "Paracin, hotel "]
[Date "2013.07.08"]
[Round "4.42"]
[White "Bejatovic, Bojana"]
[Black "Scekic, Veljko"]
[Result "1-0"]
[WhiteElo "2002"]
[BlackElo "2181"]
[PlyCount "89"]
[EventDate "2013.07.05"]

1. Nf3 d5 2. d4 Nf6 3. e3 g6 4. Bd3 Bg7 5. O-O O-O 6. Nbd2 c5 7. b3 Nc6 8. Bb2
e5 9. Nxe5 Nxe5 10. dxe5 Ng4 11. Nf3 Qc7 12. c4 dxc4 13. Bxc4 Rd8 14. Qe2 Nxe5
15. Nxe5 Bxe5 16. Bxe5 Qxe5 17. Rfd1 Be6 18. Bxe6 Qxe6 19. h3 Rac8 20. Qc4 Qxc4
21. bxc4 Kf8 22. Kf1 Ke7 23. Rab1 b6 24. Ke2 Rd6 25. Rxd6 Kxd6 26. Rd1+ Kc6 27.
a4 a6 28. Rb1 Rd8 29. g4 h6 30. f4 f5 31. gxf5 gxf5 32. Rg1 Rd6 33. Rg8 Rf6 34.
h4 b5 35. axb5+ axb5 36. Rc8+ Kb7 37. Rxc5 b4 38. Rb5+ Rb6 39. Kd3 Rxb5 40.
cxb5 Kb6 41. Kc4 Ka5 42. b6 Kxb6 43. Kxb4 Kc6 44. Kc4 Kd6 45. Kd4 1-0

[Event "Sportsko leto 2013"]
[Site "Paracin, hotel "]
[Date "2013.07.08"]
[Round "4.43"]
[White "Burovic, Rijad"]
[Black "Secheres, Adrian-Simion"]
[Result "1/2-1/2"]
[WhiteElo "1919"]
[BlackElo "2143"]
[PlyCount "113"]
[EventDate "2013.07.05"]

1. e4 c5 2. d3 d6 3. f4 g6 4. Nf3 Bg7 5. g3 Nc6 6. Bg2 e6 7. O-O Nge7 8. c3 O-O
9. Be3 b6 10. Bf2 e5 11. Na3 exf4 12. gxf4 d5 13. Qa4 Bb7 14. Rad1 Qd7 15. Nc2
Rad8 16. Ne3 d4 17. Nd5 dxc3 18. bxc3 Nxd5 19. exd5 Nd4 20. Qxd7 Ne2+ 21. Kh1
Rxd7 22. c4 Nxf4 23. Rfe1 f5 24. Bg3 Nh5 25. Be5 Re8 26. Bxg7 Nxg7 27. Rxe8+
Nxe8 28. Ne5 Re7 29. Nc6 Bxc6 30. dxc6 Nc7 31. d4 cxd4 32. Bd5+ Kg7 33. Rxd4
Kf8 34. Bg8 Kg7 35. Rd7 Kf8 36. Bxh7 Rxd7 37. cxd7 Ke7 38. Bxg6 Kxd7 39. Bxf5+
Kd6 40. Kg2 Ke5 41. Bh7 Kf4 42. Bg8 Na6 43. Kf2 Nb4 44. a3 Nc2 45. a4 Ne3 46.
Ke2 Ng4 47. h3 Nf6 48. Bf7 Ne4 49. h4 Nc3+ 50. Kd3 Nxa4 51. Kd4 Nc5 52. Bg6 a5
53. Kd5 a4 54. Bb1 a3 55. Ba2 Nd3 56. Kd4 Nb4 57. Bb1 1/2-1/2

[Event "Sportsko leto 2013"]
[Site "Paracin, hotel "]
[Date "2013.07.08"]
[Round "4.44"]
[White "Dodic, Dragan"]
[Black "Todorovic, Radisa J"]
[Result "0-1"]
[WhiteElo "2141"]
[BlackElo "1960"]
[PlyCount "76"]
[EventDate "2013.07.05"]

1. d4 d5 2. c4 c6 3. Nc3 Nf6 4. Nf3 e6 5. e3 Nbd7 6. Be2 Bd6 7. cxd5 exd5 8.
Qc2 O-O 9. Bd2 Re8 10. Bd3 Nf8 11. h3 b5 12. a3 a5 13. O-O Bd7 14. e4 dxe4 15.
Nxe4 Nxe4 16. Bxe4 Rc8 17. Be3 Ng6 18. Rac1 Be6 19. Ng5 Bc4 20. Rfd1 a4 21. Rd2
Rc7 22. h4 Bd5 23. h5 f5 24. Bxf5 Rxe3 25. hxg6 hxg6 26. fxe3 Qxg5 27. e4 Bb3
28. Qd3 Bf4 29. Rc5 gxf5 30. Rxf5 Qh6 31. Rxf4 Qxf4 32. Rf2 Qc1+ 33. Kh2 Rf7
34. Rxf7 Bxf7 35. d5 Qf4+ 36. Kg1 Qd6 37. Qd4 cxd5 38. e5 Qc6 0-1